000 00713nam a2200217 a 4500
008
049 _aMAIN
050 0 0 _aT11STA
240 _aStandardization of technical terminology
245 0 0 _aStandardization of technical terminology :
_ba symposium sponsored by ASTM Committee on Terminology.
260 _aPhiladelphia, Pa. :
_bASTM,
_cc1983-
300 _a148 p. ;
_c24 cm.
440 0 _aASTM special technical publication 806.
650 0 _aTechnology
_xTerminology
_xStandards
_vCongresses.
710 2 _aASTM Committee on Terminology.
907 _a.b10161454
_b06-07-05
_c13-04-05
003
005 20230123134004.0
040 _cNUST
942 _cBOOKS
999 _c158085
_d158085